Simone Martini

Gardado en:
Detalles Bibliográficos
Autor Principal: Tempesta, C (Author)
Formato: Libro
Idioma:Lingua castelá
Publicado: Madrid Sarpe 1979
Series:Los genios de la pintura, 37
Subjects:
Tags: Engadir etiqueta
Sen Etiquetas, Sexa o primeiro en etiquetar este rexistro!

MARC

LEADER 00000nam a2200000 a 4500
001 UCZ3519
003 CL-VaPUC
008 951027e19790000SP |||||||||||||||||spa|d
082 0 4 |a 759.02  |b TEM  |2 21 
100 0 |a Tempesta, C  |e author  |9 347308 
245 1 0 |a Simone Martini 
300 |a 28 p 
942 |c BK 
945 |d 19951027 00:00:00  |a rbrito 
260 |a Madrid  |b Sarpe  |c 1979 
600 0 7 |a MARTINI, SIMONE  |2 CL-VaPUC  |9 333723 
650 0 |a Pintura italiana  |9 265293 
650 0 |a Pintores italianos  |9 265277 
650 0 |a Crítica e interpretación   |9 255042 
651 0 |a Italia  |9 254949 
583 |a last modification  |c 19951027 00:00:00  |k Rodrigo Vera 
490 0 |a Los genios de la pintura, 37 
999 |c 239990  |d 239988 
952 |0 0  |1 0  |4 0  |6 759_020000000000000_TEM_1979  |7 0  |8 A  |9 251573  |a BIBARQ  |b BIBARQ  |d 2019-11-18  |i 3143821  |o 759.02 TEM 1979  |p 3143821  |r 2025-01-20  |w 2019-11-18  |y BK  |k ARQ